[Event "Medellin Antioquia Cup"]
[Site "Medellin"]
[Date "2016.10.15"]
[Round "6"]
[White "Rosero Zapata, Luis Fernando"]
[Black "Quiroz Sepulveda, Juan Carlos"]
[Result "1-0"]
[WhiteElo "1979"]
[BlackElo "1717"]
[PlyCount "103"]
[EventDate "2016.10.12"]
[EventType "swiss"]
[EventRounds "8"]
[EventCountry "COL"]
[SourceTitle "CBM 175 Extra"]
[Source "ChessBase"]
[SourceDate "2016.12.12"]
[SourceVersion "1"]
[SourceVersionDate "2016.12.12"]
[SourceQuality "1"]

1. d4 Nf6 2. c4 g6 3. Nc3 Bg7 4. e4 d6 5. Be2 0-0 6. Nf3 e5 7. 0-0 Nc6 8. d5 Ne7 9. Ne1 Nd7 10. Nd3 f5 11. f3 Nf6 12. Bd2 Kh8 13. c5 c6 14. cxd6 Qxd6 15. Be3 cxd5 16. Bc5 Qe6 17. exd5 Nfxd5 18. Nxd5 Nxd5 19. Bxf8 Bxf8 20. Qb3 b6 21. Nf2 Bb7 22. Bc4 Bc5 23. Kh1 Rd8 24. Nd3 Bd4 25. Nb4 a5 26. Nxd5 Bxd5 27. Bxd5 Qxd5 28. Qxd5 Rxd5 29. Rad1 g5 30. Rfe1 Rb5 31. b3 a4 32. bxa4 Rb2 33. Rc1 Kg7 34. a3 Ra2 35. h3 Rxa3 36. Rc4 Rd3 37. Kh2 Rd2 38. Rb1 e4 39. fxe4 fxe4 40. a5 bxa5 41. Kg3 Kg6 42. Rb5 h5 43. Rc6+ Bf6 44. Rbb6 h4+ 45. Kh2 Rf2 46. Re6 Rf4 47. g3 Rf2+ 48. Kg1 hxg3 49. Rxe4 Kf5 50. Rg4 Be5 51. Rb5 Ra2 52. Rxg3 1-0

[Event "Antioquia Region-ch U1800"]
[Site "Medellin"]
[Date "2009.09.??"]
[Round "1.11"]
[White "Quiroz Sepulveda, Juan Carlos"]
[Black "Gutierrez, Hector Favio"]
[Result "1-0"]
[WhiteElo "1701"]
[BlackElo "1600"]
[PlyCount "61"]
[EventDate "2009.09.08"]
[EventType "tourn"]
[EventRounds "7"]
[EventCountry "COL"]
[SourceTitle "EXT 2024"]
[Source "ChessBase"]
[SourceDate "2023.10.10"]
[SourceVersion "1"]
[SourceVersionDate "2023.10.10"]
[SourceQuality "1"]

1. d4 d5 2. c4 e6 3. Nc3 Bb4 4. e3 Nf6 5. Bd3 c5 6. Nge2 Nc6 7. 0-0 0-0 8. a3 Bxc3 9. Nxc3 cxd4 10. exd4 Qb6 11. c5 Qc7 12. Re1 a6 13. Bg5 Qd8 14. Bc2 Nb8 15. Qd3 Nbd7 16. Qh3 Qc7 17. Re3 b6 18. Rf3 Qd8 19. Bxh7+ Nxh7 20. Bxd8 Rxd8 21. Qh4 Ndf6 22. c6 Rd6 23. g4 Ne4 24. Nxe4 dxe4 25. Rh3 e5 26. Qxh7+ Kf8 27. Qxe4 Ke7 28. Qxe5+ Re6 29. Qc7+ Kf6 30. Rf3+ Kg5 31. Qf4+ 1-0